Statistics for NFL Players you didn't know played for the Dolphins

Click here to take the quiz!

General Stats

  • This quiz has been taken 7 times
  • The average score is 5 of 14

Answer Stats

Pos.Known ForPlayer% Correct
QBCHIJay Cutler
86%
WRNEPWes Welker
86%
RBSFFFrank Gore
57%
RBHOUArian Foster
43%
WRNEPDanny Amendola
43%
RBBUFThurman Thomas
43%
WRNEPChris Hogan
29%
OLBSDCJunior Seau
29%
QBCLEBernie Kosar
14%
WRMINCris Carter
14%
DEHOUMario Williams
14%
WRGBPAntonio Freeman
0%
WRARIDavid Boston
0%
WRWASRicky Sanders
0%

Score Distribution

Percentile by Number Answered

Percent of People with Each Score

Your Score History

You have not taken this quiz